000 00449nam a22001697a 4500
005 20160518142300.0
008 160518b xxu||||| |||| 00| 0 eng d
020 _a81-7808-779-0
041 _aeng
082 _b2948
100 _aBovee, Courtland L. Thill, John V. Schodzman, Barbera E.
_9743
245 _aBusiness Communication Today
260 _aDelhi
_bPearson Education,
_c2005
300 _a118
650 _aManagement
_9241
942 _cBK
999 _c1028
_d1028